[Event "Challenge"]
[Site "http://www.queenalice.com/game.php?id=370223"]
[Date "2008.3.13"]
[Round "-"]
[White "Petrushka"]
[Black "Random314"]
[Result "1-0"]
[WhiteElo "1667"]
[BlackElo "1633"]

1. e4 c5 2. Nf3 Nc6 3. d4 cxd4 4. Nxd4 e5 5. Nb5 Bb4+ 6. c3 Ba5 7. Nd6+ Ke7 8.
b3 Nf6 9. Ba3 Kf8 10. Bc4 Bc7 11. Nxf7+ Kg8 12. Nxd8+ d5 13. Bxd5+ 1-0

[Event "Carpe Diem"]
[Site "http://www.queenalice.com/game.php?id=370323"]
[Date "2008.3.13"]
[Round "-"]
[White "Petrushka"]
[Black "SalsaQueen"]
[Result "0-1"]
[WhiteElo "1747"]
[BlackElo "1678"]

1. e4 e5 2. d4 exd4 3. Qxd4 Nc6 4. Qe3 Bd6 5. f4 b6 6. Nf3 h6 7. Nd4 Bc5 8. c3
Nxd4 9. cxd4 Bb4+ 10. Nc3 Bxc3+ 11. bxc3 d6 12. f5 f6 13. Qg3 Qe7 14. Qg6+ Kd8
15. Bd3 Bd7 16. Ba6 Qxe4+ 17. Be2 Ne7 18. Qxg7 Rg8 19. Qxh6 Rxg2 20. Be3 Rxe2+
21. Kxe2 Qg2+ 22. Bf2 Bb5+ 23. Kd2 Qxf2+ 24. Kc1 Nd5 25. Qd2 Qf3 26. Kb2 Kd7 27.
Rac1 Ba4 28. Rhf1 Qe4 29. Ka3 b5 30. Rce1 Qh4 31. c4 Nb6 0-1

[Event "Again?"]
[Site "http://www.queenalice.com/game.php?id=371746"]
[Date "2008.3.15"]
[Round "-"]
[White "Random314"]
[Black "Petrushka"]
[Result "0-1"]
[WhiteElo "1600"]
[BlackElo "1739"]

1. e4 Nf6 2. e5 Nd5 3. c4 Nb6 4. d4 d6 5. Nf3 Bg4 6. Be2 e6 7. b3 dxe5 8. Nxe5
Bxe2 9. Kxe2 Qh4 10. Nf3 Qe4+ 11. Be3 Nc6 12. Nc3 Qg4 13. h3 Qxg2 14. Nh4 Nxd4+
15. Bxd4 Qc6 16. Rg1 O-O-O 17. f3 Rg8 18. a4 Bc5 19. Nb5 Kb8 20. a5 Nc8 21. Rb1
a6 22. b4 Bxd4 23. Nxd4 Qxc4+ 24. Ke3 e5 25. Nhf5 exd4+ 26. Nxd4 Rge8+ 27. Kf2
g6 28. Qb3 Qxd4+ 29. Kg2 Re2+ 30. Kh1 Qf2 0-1

[Event "Challenge"]
[Site "http://www.queenalice.com/game.php?id=372407"]
[Date "2008.3.17"]
[Round "-"]
[White "Marie"]
[Black "Petrushka"]
[Result "1-0"]
[WhiteElo "1694"]
[BlackElo "1726"]

1. e4 e5 2. Nc3 Bb4 3. Nd5 Ba5 4. Qg4 g6 5. Qf3 c6 6. Ne3 Nf6 7. Nc4 Bb4 8. c3
Be7 9. Nxe5 d6 10. Nc4 b5 11. Ne3 O-O 12. Bxb5 a6 13. Bc4 Nbd7 14. d4 Nb6 15.
Bd3 Rb8 16. Ne2 c5 17. O-O d5 18. e5 Ne4 19. Nxd5 Ng5 20. Nxe7+ Qxe7 21. Qe3 Nd5
22. Qxg5 Rb6 23. Qxe7 Nxe7 24. Re1 cxd4 25. Nxd4 Nd5 26. h3 a5 27. a4 Bd7 28. g3
f5 29. Kh2 Kg7 30. e6 Be8 31. Re5 Nc7 32. Bc4 h6 33. Rxa5 Rb7 34. b4 g5 35. f4
Kf6 36. Be3 Rb6 37. Ra7 1-0

[Event "Challenge"]
[Site "http://www.queenalice.com/game.php?id=373640"]
[Date "2008.3.19"]
[Round "-"]
[White "Petrushka"]
[Black "Bernhardur"]
[Result "1/2-1/2"]
[WhiteElo "1753"]
[BlackElo "1796"]

1. e4 c5 2. Nf3 Nc6 3. d4 cxd4 4. Nxd4 Qc7 5. Nxc6 bxc6 6. Be2 d6 7. Nc3 e5 8.
Be3 Nf6 9. Qd2 Qb7 10. O-O-O Be7 11. f4 Rb8 12. b3 O-O 13. h3 a5 14. Bf3 exf4
15. Bxf4 Rd8 16. Rhe1 Nd7 17. g4 Nc5 18. Qd4 Be6 19. Kd2 Bf6 20. Qe3 Qb4 21. a3
Qxa3 22. g5 Be5 23. Bxe5 dxe5+ 24. Ke2 Bxh3 25. Kf2 Be6 26. Ra1 Qb4 27. Na4 Nxa4
28. Rxa4 Qb7 29. Rxa5 Qc7 30. Ra7 Rb7 31. Rea1 g6 32. Kg3 Kg7 33. Rxb7 Qxb7 34.
Ra7 Qb4 35. Rc7 Rc8 36. Ra7 Rb8 37. Ra4 Qb7 38. Ra7 Qb5 39. Be2 Qb4 40. Bd1 Rb7
41. Rxb7 Qxb7 42. c4 f6 43. gxf6+ Kxf6 1/2-1/2

[Event "petrushka/tech 1"]
[Site "http://www.queenalice.com/game.php?id=375579"]
[Date "2008.3.23"]
[Round "-"]
[White "Petrushka"]
[Black "technicaldraw"]
[Result "1-0"]
[WhiteElo "1707"]
[BlackElo "1998"]

1. e4 e6 2. d4 d5 3. Nc3 Bb4 4. Bd2 dxe4 5. a3 Bxc3 6. Bxc3 f5 7. Qe2 Nf6 8.
O-O-O Nd5 9. Bd2 Nc6 10. Qc4 Qf6 11. Ne2 a6 12. h4 Bd7 13. g3 b5 14. Qc5 Kf7 15.
Bg5 Qg6 16. Nf4 Nxf4 17. Bxf4 1-0

[Event "Challenge"]
[Site "http://www.queenalice.com/game.php?id=376044"]
[Date "2008.3.24"]
[Round "-"]
[White "SalsaQueen"]
[Black "Petrushka"]
[Result "1/2-1/2"]
[WhiteElo "1613"]
[BlackElo "1754"]

1. d4 g6 2. Nf3 Bg7 3. e3 d6 4. h3 Nf6 5. c3 O-O 6. b4 c5 7. Ba3 cxd4 8. Qxd4
Nc6 9. Qd3 Bf5 10. Qd2 a6 11. Bd3 Be4 12. Bxe4 Nxe4 13. Qd3 Nf6 14. Nbd2 b5 15.
Nd4 Ne5 16. Qe2 Qc7 17. Bb2 Nc4 18. Nxc4 Qxc4 19. f3 Nd5 20. Qxc4 bxc4 21. Ke2
Rac8 22. a3 e5 23. Nc2 f5 24. Rad1 Nc7 25. Rxd6 Rf6 26. Rhd1 Nb5 27. Rd8+ Rxd8
28. Rxd8+ Bf8 29. Ra8 Nc7 30. Rc8 Rc6 31. a4 Kf7 32. b5 axb5 33. axb5 Rc5 34. b6
Na6 35. b7 Rb5 36. Ba3 Bxa3 37. Nxa3 Rxb7 38. Nxc4 Re7 39. Nd6+ Ke6 40. Rc6 Nb8
41. Rb6 Nd7 42. Ra6 Kd5 43. Nc8 Re6 44. Rxe6 1/2-1/2

[Event "Challenge"]
[Site "http://www.queenalice.com/game.php?id=376055"]
[Date "2008.3.24"]
[Round "-"]
[White "martusdog"]
[Black "Petrushka"]
[Result "1/2-1/2"]
[WhiteElo "1825"]
[BlackElo "1751"]

1. e4 d6 2. d4 Nf6 3. Nc3 g6 4. Nf3 Bg7 5. e5 dxe5 6. Nxe5 O-O 7. Be3 Nd5 8.
Nxd5 Qxd5 9. Nf3 Bg4 10. Be2 Nc6 11. h3 Bf5 12. c3 e5 13. dxe5 Qxd1+ 14. Rxd1
Nxe5 15. O-O Nxf3+ 1/2-1/2

[Event "camilleetgeorges"]
[Site "http://www.queenalice.com/game.php?id=378752"]
[Date "2008.3.29"]
[Round "1"]
[White "elrey"]
[Black "Petrushka"]
[Result "1-0"]
[WhiteElo "1761"]
[BlackElo "1754"]

1. e4 d6 2. d4 g6 3. Nf3 Bg4 4. h3 Bxf3 5. Qxf3 Bg7 6. Bc4 e6 7. Be3 c5 8. Bb5+
Nc6 9. e5 Ne7 10. exd6 cxd4 11. dxe7 Qa5+ 12. Nc3 dxe3 13. Bxc6+ bxc6 14. Qxc6+
Kxe7 15. Qb7+ Kf6 16. O-O Kg5 17. Ne4+ Kh6 18. Nd6 Raf8 19. Nxf7+ Rxf7 20. Qxf7
Bxb2 21. Rab1 exf2+ 22. Qxf2 Qe5 23. Rfe1 1-0

[Event "Aberto de Xadrez"]
[Site "http://www.queenalice.com/game.php?id=388141"]
[Date "2008.4.15"]
[Round "1"]
[White "CJ"]
[Black "Petrushka"]
[Result "1-0"]
[WhiteElo "1560"]
[BlackElo "1812"]

1. e4 Nf6 2. e5 Nd5 3. c4 Nb6 4. c5 Nd5 5. Bc4 e6 6. Nc3 Nxc3 7. bxc3 Bxc5 8. d4
Be7 9. Nf3 O-O 10. O-O c5 11. d5 d6 12. dxe6 Bxe6 13. Bd3 Nc6 14. Re1 d5 15. h3
f5 16. Bf4 d4 17. c4 Nb4 18. Rb1 Nxd3 19. Qxd3 b6 20. a4 Rb8 21. Qd2 Bxc4 22. e6
Rb7 23. a5 b5 24. a6 Rb6 25. Ne5 Bxe6 26. Ra1 Re8 27. Reb1 b4 28. Qe2 Bd6 29.
Nd3 Bc4 30. Qc2 Bxd3 31. Qxd3 Bxf4 32. Qc4+ Kh8 33. Qxc5 Re5 34. Qc4 Bd2 35. Rd1
Bc3 36. Rab1 h5 37. f4 Re4 38. Qf7 Rxf4 39. Qxh5+ Kg8 40. g3 Re4 41. Qxf5 Rbe6
42. Rf1 Qf6 43. Qd5 Qe7 44. Qa8+ Kh7 45. Qd5 Rd6 46. Qh5+ Rh6 47. Qf5+ Kh8 48.
Qc8+ Qe8 49. Rf8+ Qxf8 50. Qxf8+ Kh7 51. Qf5+ 1-0

[Event "Vamosporla4"]
[Site "http://www.queenalice.com/game.php?id=392744"]
[Date "2008.4.24"]
[Round "-"]
[White "pedroingles"]
[Black "Petrushka"]
[Result "1-0"]
[WhiteElo "1166"]
[BlackElo "1772"]

1. d4 c5 2. d5 g6 3. c4 Nf6 4. Nc3 Bg7 5. Nf3 d6 6. e4 e6 7. Be2 O-O 8. O-O exd5
9. exd5 Re8 10. Re1 Bg4 11. Bg5 Nbd7 12. h3 Bxf3 13. Bxf3 Ne5 14. b3 Nxf3+ 15.
Qxf3 h6 16. Rxe8+ Qxe8 17. Bxf6 Bxf6 18. Qxf6 Qd8 19. Qxd8+ Rxd8 20. Re1 Kf8 21.
f4 a6 22. Kf2 b6 23. g4 Re8 24. Rxe8+ Kxe8 25. h4 f5 26. gxf5 gxf5 27. h5 Ke7
28. Na4 b5 29. cxb5 axb5 30. Nb6 Kd8 31. a4 bxa4 32. Nxa4 Kc7 33. Ke3 Kb7 34.
Kd3 1-0

[Event "Challenge"]
[Site "http://www.queenalice.com/game.php?id=395315"]
[Date "2008.4.29"]
[Round "-"]
[White "Bernhardur"]
[Black "Petrushka"]
[Result "1/2-1/2"]
[WhiteElo "1871"]
[BlackElo "1772"]

1. d4 f5 2. Nf3 Nf6 3. g3 g6 4. Bg2 Bg7 5. c4 d5 6. c5 Nc6 7. a3 Ne4 8. e3 Bd7
9. O-O e5 10. Nc3 Nxc3 11. bxc3 e4 12. Nd2 Qe7 13. f3 O-O-O 14. a4 Na5 15. Ba3
exf3 16. Rxf3 Qe8 17. Bb4 Nc6 18. Nf1 a5 19. Ba3 Ne7 20. Bc1 h5 21. Qb3 h4 22.
Rf2 h3 23. Bh1 Bc6 24. c4 dxc4 25. Qxc4 Bxh1 26. Kxh1 Qc6+ 27. Kg1 Nd5 28. Qb3
Bh6 29. Raa2 Rhe8 30. Rae2 Re4 31. Bd2 1/2-1/2

[Event "Challenge"]
[Site "http://www.queenalice.com/game.php?id=396987"]
[Date "2008.5.2"]
[Round "-"]
[White "SalsaQueen"]
[Black "Petrushka"]
[Result "0-1"]
[WhiteElo "1650"]
[BlackElo "1798"]

1. d4 f5 2. Nf3 Nf6 3. Nc3 d5 4. h3 h6 5. Nh4 Kf7 6. e3 g5 7. Nf3 Nc6 8. Bb5 a6
9. Bxc6 bxc6 10. Ne5+ Kg7 11. Nxc6 Qe8 12. Ne5 Qh5 13. f3 Qh4+ 14. Kf1 Nh5 15.
Ne2 a5 16. Qe1 Qxe1+ 17. Kxe1 Ba6 18. Rg1 e6 19. b3 Bxe2 20. Kxe2 Bb4 21. Bb2
Bd6 22. Kf2 a4 23. g4 Nf6 24. gxf5 exf5 25. h4 g4 26. fxg4 fxg4 27. Nxg4 Ne4+
28. Ke2 a3 29. Nf2+ Ng3+ 30. Kd3 axb2 31. Rab1 Rxa2 32. Nd1 Rf8 33. Nxb2 Rf2 34.
Kc3 Kf6 35. Rge1 Ne4+ 36. Kd3 Rd2# 0-1

[Event "Challenge"]
[Site "http://www.queenalice.com/game.php?id=398447"]
[Date "2008.5.5"]
[Round "-"]
[White "marcobianchi"]
[Black "Petrushka"]
[Result "1/2-1/2"]
[WhiteElo "2111"]
[BlackElo "1836"]

1. d4 f5 2. c4 Nf6 3. Nf3 g6 4. g3 d6 5. Bg2 Bg7 6. O-O O-O 7. Nc3 e6 8. Bg5
Nbd7 9. Qb3 h6 10. Bxf6 Bxf6 11. e3 a6 12. Rfd1 c6 13. Rac1 Re8 14. d5 Nc5 15.
Qc2 cxd5 16. cxd5 e5 17. b4 Nd7 18. Ne2 Nb6 19. Qc7 e4 20. Qxd8 Rxd8 21. Nd2
Nxd5 22. Nxe4 fxe4 23. Rxd5 Be6 24. Rd2 d5 25. Nf4 Bf7 26. Rc7 b5 27. Ne2 Be5
28. Rc6 Rdc8 29. Rdc2 Rf8 30. Bh3 a5 31. bxa5 Rxa5 32. Be6 b4 33. Bxf7+ Kxf7 34.
Rb6 Rb8 35. Rxb8 Bxb8 36. Nd4 Ra4 1/2-1/2

[Event "Challenge"]
[Site "http://www.queenalice.com/game.php?id=402984"]
[Date "2008.5.14"]
[Round "-"]
[White "presidentdalsace"]
[Black "Petrushka"]
[Result "0-1"]
[WhiteElo "971"]
[BlackElo "1796"]

1. e4 c5 2. Qh5 Nf6 3. Qxc5 e6 4. Qd4 Nc6 5. Qc3 Nxe4 6. Qf3 Ng5 7. Qe3 d5 8. h4
Ne4 9. d3 Bc5 10. Qf4 e5 11. Qf3 Nxf2 12. Rh2 Bg4 13. Qg3 f5 14. d4 Bxd4 15. h5
Ne4 16. Qa3 Bf2# 0-1

[Event "Alter"]
[Site "http://www.queenalice.com/game.php?id=407335"]
[Date "2008.5.23"]
[Round "-"]
[White "SalsaQueen"]
[Black "Petrushka"]
[Result "0-1"]
[WhiteElo "1788"]
[BlackElo "1786"]

1. d4 Nf6 2. Bg5 c5 3. Bxf6 exf6 4. dxc5 Bxc5 5. a3 Qb6 6. e3 Qxb2 7. Nd2 Bxa3
8. Qb1 Qc3 9. Ne2 Qc5 10. Nd4 O-O 11. Bd3 Bb4 12. Nb3 Qc3 13. O-O Nc6 14. Ne4
Qe5 15. Rd1 d5 16. f4 Qh5 17. Ng3 Qg4 18. Ne2 Re8 19. Qc1 a6 20. c3 Bd6 21. h3
Qh4 22. Rf1 f5 23. Kh2 b5 24. Rf3 Be6 25. Nbd4 Nxd4 26. Nxd4 Bd7 27. Bxf5 Bxf5
28. Nxf5 Qf6 29. Nxd6 Qxd6 30. Qd2 Re4 31. Raf1 a5 32. Qb2 Qc5 33. Rg3 a4 34. c4
g6 35. f5 dxc4 36. fxg6 hxg6 37. Rgf3 a3 38. Qf6 Qe5+ 39. Qxe5 Rxe5 40. Rxf7 a2
41. R7f6 a1=Q 42. Rxg6+ Kh7 43. Rff6 Rh5 44. Re6 Rg8 45. Rgf6 Rg7 46. e4 b4 47.
e5 Qb2 0-1

[Event "Neo"]
[Site "http://www.queenalice.com/game.php?id=407338"]
[Date "2008.5.23"]
[Round "-"]
[White "Random314"]
[Black "Petrushka"]
[Result "0-1"]
[WhiteElo "1673"]
[BlackElo "1826"]

1. e4 Nf6 2. Nc3 d5 3. d3 dxe4 4. Be3 exd3 5. Bxd3 Nd5 6. Qd2 Nxe3 7. Qxe3 g6 8.
Nf3 Bg7 9. O-O-O Bd7 10. Ne5 Bxe5 11. Qxe5 f6 12. Qg3 e6 13. Rhe1 e5 14. f3 Qe7
15. h3 Nc6 16. Qf2 O-O-O 17. g4 a6 18. f4 Qg7 19. Qh4 exf4 20. Ne4 f5 21. gxf5
Ne5 22. Qxf4 Bxf5 23. Nc5 Nxd3+ 24. Nxd3 Qf7 25. Kb1 Rd5 26. Re5 Rhd8 27. Rxd5
Rxd5 28. Qf3 Ra5 29. Nb4 Qc4 30. Qe3 Be6 31. Qd2 Kb8 32. b3 Qh4 33. Nc6+ bxc6
34. Qxa5 Kb7 35. Rd3 Bxh3 36. Rf3 Bf5 37. Rc3 Be6 38. a3 h5 39. Qc5 Bd5 40. Qb4+
Qxb4 41. axb4 h4 42. Rd3 g5 43. Re3 g4 44. c4 Bf3 45. Re5 g3 46. Re3 g2 47. Rc3
g1=Q+ 48. Kb2 Be4 49. b5 Qb1+ 50. Ka3 a5 51. bxc6+ Bxc6 52. b4 axb4# 0-1

[Event "UbiamiciIbiOpes"]
[Site "http://www.queenalice.com/game.php?id=408190"]
[Date "2008.5.26"]
[Round "-"]
[White "SalsaQueen"]
[Black "Petrushka"]
[Result "0-1"]
[WhiteElo "1772"]
[BlackElo "1802"]

1. d4 Nf6 2. Nf3 c5 3. c3 b6 4. h3 d6 5. Qd3 Ba6 6. Qd2 Ne4 7. Qe3 f5 8. Ng5
Nxg5 9. Qxg5 e6 10. Qh5+ g6 11. Qf3 Nd7 12. e3 Bxf1 13. Kxf1 Bh6 14. Nd2 O-O 15.
Nc4 Nf6 16. Qg3 Ne4 17. Qf3 b5 18. Nd2 d5 19. Qe2 c4 20. h4 f4 21. Nxe4 dxe4 22.
Bd2 f3 23. gxf3 Rxf3 24. Ke1 Qf6 25. Qf1 Rf8 26. Rh2 Bxe3 27. Qe2 Bxd2+ 28. Qxd2
e3 29. Qe2 Qf4 30. Rg2 Rxf2 31. Rxf2 Qg3 32. Kd1 Rxf2 33. Qe1 Qg2 0-1

[Event "Challenge"]
[Site "http://www.queenalice.com/game.php?id=409787"]
[Date "2008.5.28"]
[Round "-"]
[White "ORNELAS"]
[Black "Petrushka"]
[Result "0-1"]
[WhiteElo "1643"]
[BlackElo "1817"]

1. b3 e5 2. d3 d5 3. Nf3 Nc6 4. a3 Bg4 5. Nbd2 Qd7 6. c3 Nf6 7. c4 d4 8. b4 a6
9. e4 dxe3 10. fxe3 b5 11. c5 Be7 12. Be2 O-O 13. e4 h6 14. O-O Nh5 15. Nb3 Nf4
16. Rf2 h5 17. Bxf4 exf4 18. h3 Be6 19. Rb1 Bf6 20. Qd2 g5 21. Qc2 g4 22. hxg4
hxg4 23. Ne1 Be5 24. Nd2 g3 25. Rf3 Nd4 26. Qd1 Nxf3+ 27. Ndxf3 f6 28. Kf1 Bd4
29. Qd2 Rf7 30. Qxf4 Rh7 31. Qxg3+ Kf7 32. Nxd4 Rh1+ 33. Kf2 Qxd4+ 34. Qe3 Qxe3+
35. Kxe3 Rg8 36. Kd2 Bg4 37. Bxg4 Rxg4 38. Rb3 Rg3 39. Rc3 c6 40. Kc2 Rxe1 41.
Kd2 Rg1 42. Kc2 R3xg2+ 43. Kb3 Rb1# 0-1

[Event "camilleetgeorges"]
[Site "http://www.queenalice.com/game.php?id=410957"]
[Date "2008.5.31"]
[Round "2"]
[White "Petrushka"]
[Black "Football_rules"]
[Result "1-0"]
[WhiteElo "1847"]
[BlackElo "1642"]

1. Nf3 d5 2. g3 d4 3. Bg2 c5 4. O-O Nc6 5. b4 Nxb4 6. c3 dxc3 7. Nxc3 Bf5 8. e4
Bg6 9. Ne5 e6 10. Qf3 Nf6 11. Nxg6 fxg6 12. e5 Nd7 13. Qxb7 Be7 14. Qxa8 O-O 15.
Qe4 Qc7 16. f4 h5 17. Qxg6 c4 18. Qxe6+ Rf7 19. Nd5 Bc5+ 20. Kh1 Nxd5 21. Qxd5
Nb6 22. Qe4 a5 23. d4 Bb4 24. Be3 c3 25. a3 Be7 26. d5 c2 27. d6 Qc3 28. dxe7
Rxe7 29. Bxb6 Rd7 30. e6 Rd4 31. Bxd4 Qc4 32. e7 h4 33. e8=Q# 1-0